Music Quiz

Random Music or Song Quiz

'When Doves Cry' Lyrics Quiz Stats

 Plays Quiz Updated Apr 21, 2016

Challenge
Share
Tweet
Embed
Score 0/140 Timer 06:00
2 Plays Today
% Correct
[CHORUS]
99.9%
[CHORUS]
99.9%
I
97.4%
doves
96.8%
doves
96.8%
When
96.6%
cry.
96.5%
cry! (many)
96.5%
do
96.4%
a
94.3%
a
94.3%
a
94.3%
you
91.3%
you
91.3%
you
91.3%
you
91.3%
you
91.3%
you.
91.3%
you
91.3%
you
91.3%
you.
91.3%
the
91.3%
The
91.3%
the
91.3%
The
91.3%
(the)
91.3%
the
91.3%
like
89%
like
89%
like
89%
it
89%
it
89%
this?
88%
This
88%
is
88%
so
86.6%
what
86.6%
my
85.4%
my
85.4%
my
85.4%
my
85.4%
in
84%
in
84%
in
84%
an
82.1%
sounds
81.9%
me.
81%
% Correct
me
81%
me
81%
me
81%
and
80.8%
and
80.8%
just
79.8%
just
79.8%
just
79.8%
just
79.8%
Can
79.2%
can
79.2%
can
79.2%
can
79.2%
mother.
77.4%
father
76.7%
I'm
76.3%
I'm
76.3%
we
76%
Maybe
74.2%
Maybe
74.2%
Maybe
74.2%
if
73.7%
if
73.7%
if
73.7%
never
73.5%
too
72.5%
too
72.5%
of
72.2%
of
72.2%
of
72.2%
Why
72.2%
your
72.2%
satisfied.
71.2%
She's
70.9%
How
69.3%
how
69.3%
will
69.1%
will
69.1%
cold?
67.6%
picture
66.2%
picture
66.2%
at
65.8%
each
64.7%
other?
64.7%
world
64.1%
kiss.
63.5%
feel
63%
% Correct
Feel
63%
(that's)
60%
scream
59.8%
leave
59.5%
alone
59.3%
you're
59%
standing
58.4%
engaged
58.3%
demanding.
58.3%
bold.
57.8%
between
54.6%
darling,
54.4%
(Darling,)
54.4%
They
53.6%
heat.
53.1%
heat
53.1%
body
51.2%
poses.
50.2%
curious
48.1%
strike
47.4%
Animals
45.4%
covers
45.3%
all
45%
inside.
45%
sweat
44.1%
ocean
44%
Dig
43.9%
trembles
43.6%
courtyard,
43.1%
Touch
42.9%
violets
42.2%
bloom.
41.1%
up.
41%
Dream
40.4%
stomach.
40.2%
Don't
40.1%
Don't
40.1%
Even
37.4%
butterflies
36.3%
got
36%
have
35.4%
make
35.3%
tied
35.2%
You've
33.4%
chase
28.3%
pride.
24%

You're not logged in!

Compare scores with friends on all Sporcle quizzes.
Join for Free
OR
Log In

You Might Also Like...

Show Comments

Extras

Top Quizzes Today


Score Distribution

Your Account Isn't Verified!

In order to create a playlist on Sporcle, you need to verify the email address you used during registration. Go to your Sporcle Settings to finish the process.

Report this User

Report this user for behavior that violates our Community Guidelines.

Details: